Classement général Vuelta 2020 - Statistiques

Statistiques générales
  • Ce quiz a été pris 103 fois
  • Le résultat moyen est 14 sur 20
Statistiques - réponses
Place Pays Equipe Coureur Temps % Correct
4eme Irlande Israel Start-Up Nation Dan Martin + 2 min 43 s
100%
14eme France Cofidis Guillaume Martin + 15 min 07 s
100%
1er Slovénie Jumbo-Visma Primoz Roglic 72 h 46 min 12 s
100%
2eme Equateur Ineos Grenadiers Richard Carapaz + 24 s
100%
8eme France Groupama-FDJ David Gaudu + 7 min 45 s
96%
5eme Espagne Movistar Enric Mas + 3 min 36 s
96%
10eme Espagne Movistar Alejandro Valverde + 9 min 34 s
80%
16eme Etats-Unis Jumbo-Visma Sepp Kuss + 16 min 26 s
80%
12eme Nouvelle-Zélande Jumbo-Visma George Bennett + 14 min 04 s
77%
11eme Russie Astana Aleksandr Vlasov + 9 min 36 s
72%
3eme Royaume-Uni EF Pro Cycling Hugh Carthy + 1 min 15 s
72%
18eme Espagne Movistar Marc Soler + 21 min 01 s
60%
6eme Pays-Bas Bahrain-McLaren Wout Poels + 7 min 16 s
55%
13eme Espagne Michelton-Scott Mikel Nieve + 14 min 47 s
53%
17eme Italie Deceuninck-Quick-Step Mattia Cattaneo + 17 min 45 s
49%
7eme Espagne UAE Team Emirates David de la Cruz + 7 min 35 s
41%
15eme Colombie UAE Team Emirates Sergio Henao + 15 min 36 s
39%
20eme Suisse NTT Pro Cycling Gino Mäder + 43 min 39 s
37%
9eme Autriche Bora-Hansgrohe Felix Großschartner + 8 min 15 s
34%
19eme Espagne Astana Gorka Izagirre + 21 min 46 s
33%
Aucun quiz correspondant
Distribution des résultats
% des personnes avec chaque résultat
Percentile par nombre de réponses
Votre historique - résultats
Vous n’avez pas pris ce quiz